01278nam a22002297a 450000500170000000800410001702000150005804000090007304100080008208200220009010000330011224500550014526000330020030000240023336500120025752005840026965000210085370000350087494200120090999900190092195201080094020220801142701.0220801b ||||| |||| 00| 0 eng d a8178241161 cAloy aeng 223a968.092bDHUG aUma Dhupelia Mesthrie954188 aGandhis prisoner:bThe life of Gandhis son Manilal aDelhibPermanent Blackc2005 a419p.bHBc25x17cm. 2History aDrawn from letters and interviews with family members, this biography yields a fascinating account of one of Gandhi's four sons, offering insights into Gandhi the father and illustrating the difficulties and successes Gandhi's heirs have had in continuing his legacy. This is the story of Gandhi's second son, Manilal Gandhi, who is often lost in the shadow of his father, but led a phenomenal life of his own. Following in his father's footsteps with regard to political involvement, Manilal struck out on his own as a young man and became an important South African journalist. aBiography954189 aDHUPELIA MESTHRIE (Uma)954190 2ddccGF c224330d224330 00102ddc40708HISaALbALd2013-03-24l0o968.092 DHUGpGF03830r2022-08-01 00:00:00w2022-08-01yGF